[Event "Campionatul National de sah clasic-2016"]
[Site "Calimanesti-Caciulata"]
[Date "2016.04.19"]
[Round "2.16"]
[White "Saulescu, Ioan-Alexandru"]
[Black "Tablan, Matei-Christian"]
[Result "0-1"]
[WhiteElo "1327"]
[BlackElo "1599"]
[PlyCount "78"]
[EventDate "2016.04.18"]
[EventRounds "9"]

1. f4 d5 2. Nf3 e6 3. e3 f5 4. d4 Nf6 5. Bd3 b6 6. Nbd2 c5 7. c3 Be7 8. O-O O-O
9. Ne5 Qc7 10. Ndf3 Nbd7 11. Bd2 Nxe5 12. Nxe5 Nd7 13. Rf3 Nxe5 14. fxe5 g5 15.
Qc2 Rf7 16. Rg3 Rg7 17. Rf3 Bd7 18. Be1 Kh8 19. Bg3 Rag8 20. Qe2 Be8 21. Rf2 h5
22. Rff1 h4 23. Bf2 f4 24. h3 g4 25. hxg4 Rxg4 26. Kh2 Rxg2+ 27. Kh1 R8g3 28.
Qe1 Rg4 29. Be2 Rg7 30. Bf3 h3 31. exf4 Bd8 32. Qe3 cxd4 33. cxd4 Qf7 34. Rac1
Bd7 35. Be2 Qg6 36. Bd3 Qh6 37. Rc2 h2 38. f5 Rg1+ 39. Rxg1 hxg1=Q# 0-1

[Event "Campionatul National de sah clasic-2016"]
[Site "Calimanesti-Caciulata"]
[Date "2016.04.18"]
[Round "1.18"]
[White "Tablan, Matei-Christian"]
[Black "Codrea, Andrei-Vladimir"]
[Result "1-0"]
[WhiteElo "1599"]
[BlackElo "1119"]
[PlyCount "41"]
[EventDate "2016.04.18"]
[EventRounds "9"]

1. d4 d5 2. c4 Nf6 3. e3 e6 4. Nc3 Bb4 5. Bd2 O-O 6. f4 Bxc3 7. Bxc3 Ne4 8. Nf3
Nxc3 9. bxc3 Nc6 10. Bd3 b6 11. O-O Ba6 12. Bxh7+ Kxh7 13. Ng5+ Kh6 14. Qg4 g6
15. Rf3 Rh8 16. Nxf7+ Kg7 17. Nxd8 Nxd8 18. Rh3 Nf7 19. Rxh8 Rxh8 20. Qxe6 Bc8
21. Qxd5 1-0

[Event "Bicaz City Cup 2016"]
[Site "Casa de Cultura din Bicaz"]
[Date "2016.03.26"]
[Round "5.12"]
[White "Juncu, Nicolae"]
[Black "Tablan, Matei-Christian"]
[Result "1-0"]
[WhiteElo "1948"]
[BlackElo "1593"]
[PlyCount "99"]
[EventDate "2016.??.??"]

1. d4 d5 2. Nf3 e6 3. Bf4 c5 4. e3 Nc6 5. c3 Nf6 6. Nbd2 c4 7. Be2 Bd6 8. Bg3
Qc7 9. O-O h6 10. Re1 O-O 11. Bf1 Bxg3 12. hxg3 Nh7 13. e4 Bd7 14. Qc2 b5 15.
b3 Rfb8 16. b4 a5 17. a3 a4 18. e5 Ne7 19. g4 g5 20. g3 Ng6 21. Bg2 Kg7 22. Nf1
Rf8 23. N1h2 Rae8 24. Re2 Re7 25. Rae1 Rfe8 26. Re3 Ngf8 27. Bh3 Ng6 28. Bf1
Ngf8 29. Be2 Ng6 30. Bd1 Ngf8 31. Qd2 Ng6 32. Bc2 Rf8 33. R3e2 Qc8 34. Kg2 Rh8
35. Bb1 Qd8 36. Ng1 Rg8 37. Nh3 Ree8 38. f4 Ngf8 39. Kh1 Kh8 40. Rg2 Qe7 41.
Nf3 Rg7 42. Reg1 Bc8 43. Rh2 Kg8 44. Nf2 Ng6 45. Rxh6 gxf4 46. gxf4 Nhf8 47. f5
exf5 48. gxf5 Nh8 49. Rxg7+ Kxg7 50. f6+ 1-0

[Event "Bicaz City Cup 2016"]
[Site "Casa de Cultura din Bicaz"]
[Date "2016.03.25"]
[Round "3.11"]
[White "Cotruta, Alexandru-Mihai"]
[Black "Tablan, Matei-Christian"]
[Result "1-0"]
[WhiteElo "1856"]
[BlackElo "1593"]
[PlyCount "93"]
[EventDate "2016.??.??"]

1. d4 d5 2. c4 e6 3. Nc3 Nf6 4. Bg5 Be7 5. e3 b6 6. Bd3 Bb7 7. Nf3 Nbd7 8. O-O
O-O 9. Ne5 Ne8 10. Bxe7 Qxe7 11. f4 dxc4 12. Bxc4 Nd6 13. Bd3 Nf6 14. Qc2 g6
15. Nb5 Nd5 16. Qd2 Nf6 17. Rac1 Rfc8 18. Nc6 Bxc6 19. Rxc6 Nfe8 20. Rfc1 Nb7
21. Be4 a6 22. Na3 Nd8 23. R6c2 Rab8 24. Nc4 Kf8 25. Ne5 f6 26. Nc6 Nxc6 27.
Bxc6 Qd6 28. e4 e5 29. fxe5 fxe5 30. Qh6+ Kg8 31. Bd5+ Kh8 32. dxe5 Qe7 33. Rf2
Ng7 34. e6 Rf8 35. Rf7 Rxf7 36. exf7 Rf8 37. Qf4 c5 38. Rf1 Nh5 39. Qe3 Ng7 40.
Qc3 Qg5 41. Qf6 Qe3+ 42. Kh1 Qh6 43. Qe7 Nh5 44. Qe5+ Ng7 45. Qf6 b5 46. e5 c4
47. e6 1-0

[Event "Bacau City Cup 2015"]
[Site "Bacau, Pensiunea "]
[Date "2015.09.12"]
[Round "4.11"]
[White "Tablan, Matei-Christian"]
[Black "Timpau, Vasile"]
[Result "0-1"]
[WhiteElo "1540"]
[BlackElo "1794"]
[PlyCount "110"]
[EventDate "2015.09.10"]
[EventRounds "7"]

1. e4 c6 2. d4 d5 3. exd5 cxd5 4. c4 Nf6 5. Nf3 Bf5 6. Be3 Qb6 7. b3 e6 8. h3
Nc6 9. c5 Qc7 10. Bb5 Bxb1 11. Bxc6+ bxc6 12. Qxb1 g6 13. O-O Bg7 14. Qc1 O-O
15. Bh6 Nd7 16. Bxg7 Kxg7 17. Re1 Rae8 18. Ne5 Nxe5 19. Rxe5 f6 20. Re2 e5 21.
Qe1 e4 22. f3 f5 23. Rd1 Rf7 24. fxe4 fxe4 25. Rf2 Ref8 26. Rdd2 Rxf2 27. Rxf2
Qe7 28. Rxf8 Qxf8 29. Qg3 Qe7 30. Kf1 Qf6+ 31. Ke2 Qxd4 32. Qc7+ Kh6 33. Qf4+
g5 34. Qf8+ Kh5 35. g3 Qd3+ 36. Kf2 e3+ 37. Kg1 Qb1+ 38. Kh2 Qxa2+ 39. Kh1 Qb1+
40. Kh2 Qc2+ 41. Kh1 Qd1+ 42. Kh2 Qe2+ 43. Kh1 Qe1+ 44. Kg2 Qf2+ 45. Qxf2 exf2
46. Kxf2 Kg6 47. Ke3 Kf5 48. Kd4 h5 49. b4 a6 50. Ke3 Ke5 51. g4 hxg4 52. hxg4
d4+ 53. Ke2 Kf4 54. Kd3 Kxg4 55. Kxd4 Kf4 0-1

[Event "Bacau City Cup 2015"]
[Site "Bacau, Pensiunea "]
[Date "2015.09.11"]
[Round "2.24"]
[White "Tablan, Matei-Christian"]
[Black "Pascu, Stefan"]
[Result "1-0"]
[WhiteElo "1540"]
[BlackElo "1001"]
[PlyCount "81"]
[EventDate "2015.09.10"]
[EventRounds "7"]

1. e4 c5 2. Nf3 Nc6 3. d4 cxd4 4. Nxd4 Nxd4 5. Qxd4 Qb6 6. Qxb6 axb6 7. Be3 Nf6
8. f3 d5 9. e5 Nd7 10. Bb5 e6 11. Bxb6 Bb4+ 12. c3 Ba5 13. Bc5 Bc7 14. f4 b6
15. Bb4 Ba6 16. Bxa6 Rxa6 17. O-O Nc5 18. Bxc5 bxc5 19. Nd2 c4 20. b4 O-O 21.
a4 Bb6+ 22. Kh1 Be3 23. Nb1 g5 24. fxg5 Bxg5 25. Rf3 Kh8 26. a5 Ra7 27. Na3 Rb8
28. Nc2 h6 29. g3 Kg8 30. Nd4 Rc8 31. b5 Bd8 32. a6 Rcc7 33. Nc6 Rxc6 34. bxc6
Bc7 35. Rf2 Bxe5 36. Rb2 Bxc3 37. Rb7 Bxa1 38. Rxa7 Be5 39. c7 Bxc7 40. Rxc7 e5
41. a7 1-0

[Event "Bacau City Cup 2015"]
[Site "Bacau, Pensiunea "]
[Date "2015.09.11"]
[Round "3.18"]
[White "Turcan, Gheorghe"]
[Black "Tablan, Matei-Christian"]
[Result "0-1"]
[WhiteElo "1719"]
[BlackElo "1540"]
[PlyCount "104"]
[EventDate "2015.09.10"]
[EventRounds "7"]

1. d4 d5 2. c4 e6 3. Nc3 Bb4 4. cxd5 exd5 5. a3 Bxc3+ 6. bxc3 Nf6 7. Bg5 Bf5 8.
Nf3 O-O 9. e3 Qd6 10. Qb3 Nbd7 11. Be2 b6 12. Bf4 Qc6 13. O-O Qb7 14. c4 Be4
15. c5 Nh5 16. Bg5 f6 17. Bh4 g5 18. Bxg5 fxg5 19. Nxg5 Bg6 20. Bf3 Nhf6 21. e4
c6 22. e5 Nh5 23. Bg4 Rab8 24. Qe3 bxc5 25. dxc5 Rfe8 26. f4 Ndf6 27. Be6+ Rxe6
28. Nxe6 Ne4 29. g4 Ng7 30. Nd4 Nxc5 31. f5 Be8 32. e6 Qc8 33. Rab1 Rxb1 34.
Rxb1 Ne4 35. h4 h5 36. g5 c5 37. f6 cxd4 38. f7+ Bxf7 39. exf7+ Kxf7 40. Qf4+
Kg6 41. Rb8 Qg4+ 42. Qxg4 hxg4 43. Rd8 Nc3 44. Rd6+ Kh7 45. h5 Nxh5 46. Rh6+
Kg7 47. Rxh5 Kg6 48. Rh2 Kxg5 49. Rd2 Kf5 50. Kg2 Ke4 51. Kf2 g3+ 52. Kxg3 Ke3
0-1

[Event "Bacau City Cup 2015"]
[Site "Bacau, Pensiunea "]
[Date "2015.09.10"]
[Round "1.8"]
[White "Budur, Costel"]
[Black "Tablan, Matei-Christian"]
[Result "1-0"]
[WhiteElo "2005"]
[BlackElo "1540"]
[PlyCount "83"]
[EventDate "2015.09.10"]
[EventRounds "7"]

1. d4 e6 2. Nf3 d5 3. e3 c5 4. c4 Nf6 5. Nc3 Nc6 6. a3 a6 7. dxc5 Bxc5 8. b4
Bd6 9. Bb2 Ne5 10. c5 Nxf3+ 11. Qxf3 Be5 12. Bd3 Bd7 13. Qe2 a5 14. Nb5 Bb8 15.
f4 Bc6 16. O-O O-O 17. Nd4 axb4 18. axb4 Rxa1 19. Rxa1 Qe7 20. Nf3 Bc7 21. Qc2
h6 22. b5 Bd7 23. Ra7 Bc8 24. Bd4 Qd8 25. Ra8 b6 26. cxb6 Bxb6 27. Bxb6 Qxb6
28. Rxc8 Qxe3+ 29. Kf1 Qxf4 30. Rxf8+ Kxf8 31. Qc5+ Ke8 32. b6 Nd7 33. Bb5 Kd8
34. Qc6 Nf6 35. Qa8+ Ke7 36. Qa3+ Qd6 37. Qa7+ Nd7 38. Bxd7 Qxd7 39. Ne5 Qxa7
40. bxa7 Kd6 41. Nf3 e5 42. a8=Q 1-0

[Event "Campionatul  National de sah pentru cop"]
[Site "Calimanesti-Caciulata"]
[Date "2015.04.06"]
[Round "9.28"]
[White "Ichim, Daniel-Nicolae"]
[Black "Tablan, Matei-Christian"]
[Result "0-1"]
[WhiteElo "1017"]
[BlackElo "1514"]
[PlyCount "100"]
[EventDate "2015.03.30"]
[EventRounds "7"]

1. e4 e6 2. d4 d5 3. e5 c5 4. c3 Nc6 5. Nf3 cxd4 6. cxd4 Bb4+ 7. Nc3 Nge7 8.
Be2 Qb6 9. O-O Bxc3 10. bxc3 O-O 11. Bf4 Bd7 12. Qd3 Ng6 13. Bg3 Qc7 14. Rab1
b6 15. c4 Nce7 16. Rbc1 Qb7 17. cxd5 Nxd5 18. Qa6 Rab8 19. Qxb7 Rxb7 20. Nd2
Rbb8 21. Nc4 Bb5 22. Rfe1 Ngf4 23. Bf3 Nd3 24. Nd6 Nxe1 25. Rxe1 Bd7 26. Rc1
Bc8 27. h3 a5 28. Bxd5 exd5 29. Bh4 f6 30. Rc6 Bd7 31. Rc7 Ba4 32. e6 Rfd8 33.
Nf7 Re8 34. Bxf6 Rxe6 35. Be5 Rbe8 36. Ng5 R6e7 37. Rc3 h6 38. Nf3 Re6 39. Rc7
R6e7 40. Rc3 g5 41. Ra3 b5 42. Bd6 Rd7 43. Be5 Rc8 44. Kf1 Rc1+ 45. Ke2 Rd8 46.
Kd2 Rdc8 47. Ne1 Ra1 48. Nd3 Rc2+ 49. Ke3 Raxa2 50. Rxa2 Rxa2 0-1

[Event "Campionatul  National de sah pentru cop"]
[Site "Calimanesti-Caciulata"]
[Date "2015.04.05"]
[Round "8.23"]
[White "Tablan, Matei-Christian"]
[Black "Macovei, Nicolae-Cristian"]
[Result "0-1"]
[WhiteElo "1514"]
[BlackElo "1267"]
[PlyCount "70"]
[EventDate "2015.03.30"]
[EventRounds "7"]

1. e4 e6 2. d4 d5 3. e5 b6 4. Nf3 Ne7 5. Bd3 Ba6 6. Bxa6 Nxa6 7. c3 Qd7 8. O-O
Nf5 9. Bg5 Nb8 10. Nh4 Nxh4 11. Bxh4 Be7 12. Bg3 c5 13. b3 Nc6 14. dxc5 bxc5
15. Qg4 O-O 16. Bf4 Kh8 17. Nd2 Rab8 18. Nf3 Rb7 19. Rad1 Qc7 20. Rd3 Qa5 21.
Qh5 Qxa2 22. Ng5 h6 23. Nxf7+ Kh7 24. Nxh6 Rxf4 25. Nf5+ Kg8 26. Qe8+ Bf8 27.
Qxe6+ Rf7 28. Nh6+ gxh6 29. Rg3+ Kh8 30. Qxc6 Rxf2 31. Re1 Qe2 32. Rg8+ Kxg8
33. Qg6+ Kh8 34. Qe4 Rf1+ 35. Rxf1 Rxf1# 0-1

[Event "Campionatul  National de sah pentru cop"]
[Site "Calimanesti-Caciulata"]
[Date "2015.04.04"]
[Round "7.23"]
[White "Ciochina, Marius"]
[Black "Tablan, Matei-Christian"]
[Result "1/2-1/2"]
[WhiteElo "1196"]
[BlackElo "1514"]
[PlyCount "43"]
[EventDate "2015.03.30"]
[EventRounds "7"]

1. e4 e6 2. d4 d5 3. e5 c5 4. c3 Nc6 5. Nf3 Nge7 6. Be3 c4 7. Nbd2 Ng6 8. Be2
Be7 9. O-O O-O 10. Re1 f5 11. Nf1 f4 12. Bd2 Qe8 13. h3 Qd8 14. N1h2 Bd7 15. b3
cxb3 16. axb3 a6 17. h4 a5 18. Bd3 Be8 19. Qb1 Bf7 20. Ng4 Bxh4 21. Ra2 Be8 22.
Ra1 1/2-1/2

[Event "Campionatul  National de sah pentru cop"]
[Site "Calimanesti-Caciulata"]
[Date "2015.04.03"]
[Round "6.19"]
[White "Tablan, Matei-Christian"]
[Black "Toma, Mihai-Iulian"]
[Result "0-1"]
[WhiteElo "1514"]
[BlackElo "1573"]
[PlyCount "102"]
[EventDate "2015.03.30"]
[EventRounds "7"]

1. e4 c6 2. d4 d5 3. e5 Bf5 4. Nf3 e6 5. Bd3 Bxd3 6. Qxd3 a6 7. b3 c5 8. Be3
cxd4 9. Bxd4 Nc6 10. c3 Qc7 11. O-O Nh6 12. h3 Nf5 13. a3 Rc8 14. Nbd2 Be7 15.
b4 O-O 16. Rac1 Qd7 17. Nb3 Ncxd4 18. Nfxd4 Nxd4 19. cxd4 Rxc1 20. Rxc1 Rc8 21.
Rc3 Rc7 22. Qc2 Rxc3 23. Qxc3 g6 24. Nc5 Qc6 25. Qb2 Kg7 26. Qb3 Qb5 27. Qd3
Qc4 28. Qxc4 dxc4 29. Kf1 Bg5 30. Ne4 Bc1 31. a4 Bb2 32. Ke2 Bxd4 33. f4 f6 34.
exf6+ Bxf6 35. Nxf6 Kxf6 36. g4 e5 37. g5+ Kf5 38. fxe5 Kxe5 39. Ke3 Kd5 40. h4
b5 41. axb5 axb5 42. Kf4 Kd4 43. h5 c3 44. hxg6 hxg6 45. Kg4 c2 46. Kg3 c1=Q
47. Kf3 Qc3+ 48. Kg2 Ke4 49. Kf1 Qd2 50. Kg1 Kf3 51. Kh1 Qg2# 0-1

[Event "Campionatul  National de sah pentru cop"]
[Site "Calimanesti-Caciulata"]
[Date "2015.04.02"]
[Round "5.14"]
[White "Bulau, Andrei-Cristian"]
[Black "Tablan, Matei-Christian"]
[Result "1-0"]
[WhiteElo "1681"]
[BlackElo "1514"]
[PlyCount "49"]
[EventDate "2015.03.30"]
[EventRounds "7"]

1. e4 e6 2. d4 d5 3. Nd2 Nc6 4. Ngf3 dxe4 5. Nxe4 f5 6. Nc3 Bb4 7. Bc4 h6 8.
O-O Bxc3 9. bxc3 Nf6 10. Ba3 Ne4 11. Qd3 Na5 12. Rfe1 a6 13. Ne5 g5 14. f3 Nxc4
15. Nxc4 Nd6 16. Bxd6 cxd6 17. Qxf5 Qc7 18. Qg6+ Kf8 19. Qd3 Bd7 20. Ne3 d5 21.
Ng4 Re8 22. Ne5 Rg8 23. Qh7 Rg7 24. Qh8+ Rg8 25. Qf6# 1-0

[Event "Campionatul  National de sah pentru cop"]
[Site "Calimanesti-Caciulata"]
[Date "2015.04.02"]
[Round "4.8"]
[White "Tablan, Matei-Christian"]
[Black "Taga, Stefan"]
[Result "0-1"]
[WhiteElo "1514"]
[BlackElo "1762"]
[PlyCount "90"]
[EventDate "2015.03.30"]
[EventRounds "7"]

1. e4 c5 2. Nf3 Nc6 3. c3 Nf6 4. d3 d6 5. h3 e6 6. Nbd2 Be7 7. d4 cxd4 8. cxd4
Qc7 9. Qc2 Qb6 10. Qc3 O-O 11. Nc4 Qd8 12. Ncd2 d5 13. e5 Ne4 14. Qc2 Nb4 15.
Qb1 Bd7 16. a3 Nxd2 17. Bxd2 Nc6 18. Bd3 h6 19. b4 a6 20. O-O f5 21. exf6 Bxf6
22. Bc3 Rc8 23. Bb2 Qb6 24. Rd1 Kh8 25. Bg6 Be8 26. Bxe8 Rcxe8 27. Qa2 Ne7 28.
Rac1 Nf5 29. Ne5 Bxe5 30. dxe5 Qd8 31. Rc4 Qe7 32. Rf4 Nh4 33. Rxf8+ Rxf8 34.
Bc1 Ng6 35. Be3 Rf5 36. Bd4 Nxe5 37. Qe2 Nc6 38. Bc5 Qf7 39. Re1 e5 40. g4 Rf3
41. Kg2 e4 42. Qc2 Rd3 43. Re3 Ne5 44. Rxd3 Nxd3 45. Be3 Ne1+ 0-1

[Event "Campionatul  National de sah pentru cop"]
[Site "Calimanesti-Caciulata"]
[Date "2015.04.01"]
[Round "3.6"]
[White "Mihai, Cristian"]
[Black "Tablan, Matei-Christian"]
[Result "1/2-1/2"]
[WhiteElo "1692"]
[BlackElo "1514"]
[PlyCount "73"]
[EventDate "2015.03.30"]
[EventRounds "7"]

1. d4 e6 2. c4 d5 3. cxd5 exd5 4. Nc3 Nf6 5. Bg5 Be7 6. Nf3 Be6 7. e3 h6 8. Bh4
O-O 9. Bd3 c6 10. Qc2 Ne8 11. Bxe7 Qxe7 12. O-O Nd6 13. Ne5 Nd7 14. Nxd7 Qxd7
15. Na4 b6 16. Rac1 Rac8 17. Nc3 b5 18. Nb1 Rfe8 19. Nd2 Nb7 20. Nb3 Qd6 21.
Nc5 Nxc5 22. Qxc5 Qxc5 23. Rxc5 Bd7 24. Rfc1 f5 25. R5c2 Kf7 26. b4 Ra8 27. Rb2
a5 28. a3 axb4 29. axb4 Ra3 30. Bf1 Rea8 31. Rcb1 Ke6 32. Rb3 Rxb3 33. Rxb3 Be8
34. Rb2 Bh5 35. f3 Ra3 36. Kf2 g5 37. Be2 1/2-1/2

[Event "Campionatul  National de sah pentru cop"]
[Site "Calimanesti-Caciulata"]
[Date "2015.03.31"]
[Round "2.15"]
[White "Tablan, Matei-Christian"]
[Black "Petrache, Flavius-Gabriel"]
[Result "1-0"]
[WhiteElo "1514"]
[BlackElo "1631"]
[PlyCount "65"]
[EventDate "2015.03.30"]
[EventRounds "7"]

1. e4 e5 2. Nf3 d6 3. d4 Nd7 4. Bc4 c6 5. dxe5 dxe5 6. Ng5 Nh6 7. O-O Bc5 8.
Kh1 Qe7 9. Nh3 Nf6 10. Ng5 O-O 11. h3 Kh8 12. Bd3 Qd6 13. Qe2 a6 14. Rd1 Qc7
15. Nf3 Nhg8 16. g4 h6 17. Be3 Bxe3 18. Qxe3 Nh7 19. Qc5 f6 20. Nh4 Qf7 21. Bc4
Qe8 22. Rd8 Ne7 23. Rxe8 Rxe8 24. Bf7 Rd8 25. Qxe7 Bf5 26. gxf5 Nf8 27. Nc3 Rd7
28. Ng6+ Nxg6 29. Qxd7 Nf4 30. Bg6 h5 31. Rd1 Nd5 32. exd5 cxd5 33. Rxd5 1-0

[Event "Campionatul  National de sah pentru cop"]
[Site "Calimanesti-Caciulata"]
[Date "2015.03.30"]
[Round "1.36"]
[White "Ionescu, Mario-Valentin"]
[Black "Tablan, Matei-Christian"]
[Result "0-1"]
[WhiteElo "1001"]
[BlackElo "1514"]
[PlyCount "46"]
[EventDate "2015.03.30"]
[EventRounds "7"]

1. e4 e6 2. Nf3 d5 3. d3 dxe4 4. dxe4 Qxd1+ 5. Kxd1 Nc6 6. Be3 Nf6 7. Nbd2 Ng4
8. Nb1 Nxe3+ 9. Ke1 Nxc2+ 10. Kd1 Nxa1 11. Nc3 Bb4 12. Nb5 Ba5 13. Nd2 a6 14.
Nc4 axb5 15. Nxa5 Rxa5 16. b3 Rxa2 17. Bxb5 O-O 18. b4 Rd8+ 19. Ke1 Nxb4 20. f3
Rdd2 21. Rf1 Bd7 22. Bc4 Rac2 23. Bb3 Nd3# 0-1

[Event "Calimanesti ROM, Ch U10 (b) 2014"]
[Site "Calimanesti ROM"]
[Date "2014.04.13"]
[Round "9.23"]
[White "Tablan, Matei-Christian"]
[Black "Parfene, Adrian-Bogdan"]
[Result "1-0"]
[WhiteElo "1533"]
[BlackElo "1195"]
[PlyCount "79"]
[EventDate "2014.04.06"]
[EventType "swiss"]
[EventRounds "9"]
[EventCountry "ROM"]

1. e4 e5 2. Nf3 Nc6 3. d4 exd4 4. Nxd4 Nf6 5. Nxc6 bxc6 6. e5 Nd5 7. Bd3 Bc5 8.
Qh5 d6 9. O-O Bd4 10. exd6 cxd6 11. Re1+ Kf8 12. c3 Bb6 13. Qf3 Bd7 14. a3 Qc7
15. c4 Nf6 16. Bg5 Ng4 17. Rf1 Re8 18. Bf4 Bd4 19. Qg3 Qb6 20. Bxd6+ Kg8 21.
Nc3 Qxb2 22. Rac1 g6 23. Rc2 Qxa3 24. Bxa3 c5 25. h3 Nf6 26. Nb5 Be5 27. Qf3
Rc8 28. Re1 Re8 29. Qd1 Nh5 30. Rce2 f6 31. Nxa7 Kg7 32. g3 Bxh3 33. Bxc5 Re6
34. Re3 Rhe8 35. Kh2 Nf4 36. gxf4 Bxf4+ 37. Kxh3 Bxe3 38. Rxe3 Rxe3+ 39. Bxe3
Rd8 40. Qc2 1-0

[Event "Calimanesti ROM, Ch U10 (b) 2014"]
[Site "Calimanesti ROM"]
[Date "2014.04.12"]
[Round "8.31"]
[White "Rogojina, Mihai"]
[Black "Tablan, Matei-Christian"]
[Result "0-1"]
[WhiteElo "1172"]
[BlackElo "1533"]
[PlyCount "107"]
[EventDate "2014.04.06"]
[EventType "swiss"]
[EventRounds "9"]
[EventCountry "ROM"]

1. e4 e6 2. d4 c5 3. Nf3 Nc6 4. c3 a6 5. Bd3 cxd4 6. cxd4 Bb4+ 7. Bd2 Bxd2+ 8.
Qxd2 Qb6 9. Bc4 Qb4 10. Bb3 Qxd2+ 11. Nbxd2 Nge7 12. O-O O-O 13. Rac1 b5 14.
Rfd1 Ra7 15. e5 Nf5 16. Ne4 Na5 17. Bc2 Bb7 18. h3 d5 19. exd6 Bxe4 20. Bxe4
Nxd6 21. Re1 Nxe4 22. Rxe4 Raa8 23. Re2 Rfc8 24. Rec2 Nc4 25. b3 Nd6 26. g4
Rxc2 27. Rxc2 Rc8 28. Rxc8+ Nxc8 29. Ne5 Nb6 30. Nc6 Nd5 31. Nb8 a5 32. Nc6 a4
33. Na7 Nc3 34. Nxb5 Nxb5 35. bxa4 Nxd4 36. a5 Nc6 37. a6 Kf8 38. f4 Ke7 39.
Kf2 Kd6 40. Ke3 Kd5 41. g5 e5 42. f5 e4 43. f6 gxf6 44. gxf6 Ke5 45. a4 h6 46.
h4 h5 47. Ke2 Kd4 48. a5 e3 49. Ke1 Kd3 50. Kd1 e2+ 51. Ke1 Na7 52. Kf2 Kd2 53.
Kg2 e1=Q 54. Kh3 0-1

[Event "Calimanesti ROM, Ch U10 (b) 2014"]
[Site "Calimanesti ROM"]
[Date "2014.04.11"]
[Round "7.21"]
[White "Musca, Paul-Constantin-Cal"]
[Black "Tablan, Matei-Christian"]
[Result "1-0"]
[WhiteElo "1240"]
[BlackElo "1533"]
[PlyCount "47"]
[EventDate "2014.04.06"]
[EventType "swiss"]
[EventRounds "9"]
[EventCountry "ROM"]

1. e4 e6 2. d4 d5 3. exd5 exd5 4. Bd3 Nc6 5. c3 a5 6. Nf3 Nf6 7. Bg5 Be7 8.
Nbd2 O-O 9. O-O h6 10. Be3 Bd6 11. h3 Re8 12. Qc2 Rb8 13. a4 Nh5 14. Bf5 Bf4
15. Bxc8 Qxc8 16. g4 Bxe3 17. fxe3 Ng3 18. Rfe1 Ne4 19. Nxe4 dxe4 20. Nh2 Qd7
21. Qf2 Rf8 22. Qf4 Rbe8 23. Nf1 f5 24. Nh2 1-0

[Event "Calimanesti ROM, Ch U10 (b) 2014"]
[Site "Calimanesti ROM"]
[Date "2014.04.10"]
[Round "6.14"]
[White "Tablan, Matei-Christian"]
[Black "Oprea, Rares-Andrei"]
[Result "0-1"]
[WhiteElo "1533"]
[BlackElo "1277"]
[PlyCount "48"]
[EventDate "2014.04.06"]
[EventType "swiss"]
[EventRounds "9"]
[EventCountry "ROM"]

1. e4 e5 2. Nf3 Nf6 3. d3 Nc6 4. h3 Bc5 5. Be2 d6 6. Bg5 Be6 7. O-O h6 8. Bh4
g5 9. Bg3 Qd7 10. Nh2 h5 11. h4 O-O-O 12. Kh1 g4 13. f4 gxf3 14. Bxf3 d5 15.
exd5 Bxd5 16. Nc3 Rhg8 17. Bxd5 Nxd5 18. Nxd5 Qxd5 19. c4 Qe6 20. Bf2 Qg6 21.
g4 hxg4 22. Bxc5 g3 23. Rg1 g2+ 24. Rxg2 Qxg2# 0-1

[Event "Calimanesti ROM, Ch U10 (b) 2014"]
[Site "Calimanesti ROM"]
[Date "2014.04.09"]
[Round "5.22"]
[White "Marin, Andrei"]
[Black "Tablan, Matei-Christian"]
[Result "0-1"]
[WhiteElo "1256"]
[BlackElo "1533"]
[PlyCount "84"]
[EventDate "2014.04.06"]
[EventType "swiss"]
[EventRounds "9"]
[EventCountry "ROM"]

1. Nf3 d6 2. d4 e6 3. e4 Nc6 4. Bb5 Bd7 5. O-O a6 6. Ba4 b5 7. Bb3 Na5 8. Bf4
Nxb3 9. axb3 Nf6 10. e5 Nd5 11. Bg3 Be7 12. c4 Nb6 13. cxb5 axb5 14. Rxa8 Qxa8
15. Nc3 Bc6 16. Nd2 b4 17. Ne2 Bxg2 18. Re1 Bh1 19. Nf4 g5 20. f3 gxf4 21. Bxf4
Bxf3 22. Nxf3 Rg8+ 23. Kf1 Qa6+ 24. Kf2 Nd5 25. Bg3 Qa2 26. Re2 Kd7 27. Qd3 Rb8
28. h3 h5 29. h4 Qa8 30. Qh7 Rh8 31. exd6 Rxh7 32. dxe7 Kxe7 33. Rc2 Qb7 34.
Kg2 Ne3+ 35. Kh1 Qxf3+ 36. Kg1 Qxg3+ 37. Kh1 Nxc2 38. d5 Qxh4+ 39. Kg1 exd5 40.
Kf1 Qe4 41. Kg1 Rg7+ 42. Kf1 Qe1# 0-1

[Event "Calimanesti ROM, Ch U10 (b) 2014"]
[Site "Calimanesti ROM"]
[Date "2014.04.09"]
[Round "4.10"]
[White "Tablan, Matei-Christian"]
[Black "Antonica, Dragos Andrei"]
[Result "0-1"]
[WhiteElo "1533"]
[BlackElo "1541"]
[PlyCount "98"]
[EventDate "2014.04.06"]
[EventType "swiss"]
[EventRounds "9"]
[EventCountry "ROM"]

1. e4 e6 2. d4 d5 3. e5 c5 4. Nf3 Nc6 5. Bb5 Qb6 6. Bxc6+ bxc6 7. b3 cxd4 8.
Nxd4 Bc5 9. Bb2 Ba6 10. a3 Ne7 11. b4 Bxd4 12. Bxd4 Qb5 13. Bc5 Ng6 14. Nc3 Qc4
15. Qd4 Qxd4 16. Bxd4 O-O 17. a4 Bc4 18. Bc5 Rfb8 19. Rb1 Rb7 20. Bd6 a5 21.
Kd2 axb4 22. Rxb4 Rxb4 23. Bxb4 Nxe5 24. a5 Nd7 25. Na4 c5 26. Bxc5 Nxc5 27.
Nxc5 Rxa5 28. Nb7 Ra2 29. Rb1 g5 30. Nd6 Ba6 31. Rb3 d4 32. Ne4 d3 33. Rc3 dxc2
34. Rxc2 Rxc2+ 35. Kxc2 h6 36. Kc3 Bb7 37. Kd4 Bxe4 38. Kxe4 f5+ 39. Ke5 Kf7
40. g3 g4 41. Kf4 Kf6 42. f3 e5+ 43. Ke3 Kg5 44. f4+ exf4+ 45. gxf4+ Kh4 46.
Kf2 Kh3 47. Kg1 g3 48. Kh1 h5 49. Kg1 g2 0-1

[Event "Calimanesti ROM, Ch U10 (b) 2014"]
[Site "Calimanesti ROM"]
[Date "2014.04.08"]
[Round "3.1"]
[White "Ognean, Mihnea Ionut"]
[Black "Tablan, Matei-Christian"]
[Result "1-0"]
[WhiteElo "1799"]
[BlackElo "1533"]
[PlyCount "69"]
[EventDate "2014.04.06"]
[EventType "swiss"]
[EventRounds "9"]
[EventCountry "ROM"]

1. e4 e6 2. d4 d5 3. e5 Nc6 4. Nf3 a6 5. Bd3 h6 6. O-O b6 7. Re1 Bb7 8. c3 Qd7
9. Nbd2 O-O-O 10. a4 Kb8 11. Qe2 Ka7 12. b4 Nb8 13. Nb3 Qe8 14. Bd2 Nd7 15. c4
dxc4 16. Bxc4 Ne7 17. b5 a5 18. Nxa5 bxa5 19. Bxa5 Nb6 20. Bxb6+ cxb6 21. a5
Nd5 22. axb6+ Kxb6 23. Bxd5 Rxd5 24. Qa2 Kc7 25. Qa5+ Kd7 26. Qb6 Qd8 27. Qxb7+
Qc7 28. Qa8 Qd8 29. Qxd8+ Kxd8 30. Reb1 Kc8 31. b6 Rd7 32. Ra8+ Kb7 33. Ra7+
Kc6 34. Rc1+ Kxb6 35. Rxd7 1-0

[Event "Calimanesti ROM, Ch U10 (b) 2014"]
[Site "Calimanesti ROM"]
[Date "2014.04.07"]
[Round "2.16"]
[White "Tablan, Matei-Christian"]
[Black "Tabara, Andrei-Cristian"]
[Result "1-0"]
[WhiteElo "1533"]
[BlackElo "1310"]
[PlyCount "49"]
[EventDate "2014.04.06"]
[EventType "swiss"]
[EventRounds "9"]
[EventCountry "ROM"]

1. e4 e5 2. Nf3 Nc6 3. d4 exd4 4. Nxd4 Bc5 5. Nxc6 bxc6 6. Bc4 d6 7. O-O Nf6 8.
Bg5 h6 9. Bh4 Bg4 10. Bxf6 Qxf6 11. Qxg4 Qxb2 12. Nd2 Bd4 13. Qf3 O-O 14. Bb3
a5 15. Rab1 Qa3 16. Bxf7+ Rxf7 17. Qxa3 Bc5 18. Qd3 Rc8 19. Nf3 Kh8 20. Rbd1
Kg8 21. Rd2 Kh8 22. e5 Re7 23. Nh4 Rxe5 24. Ng6+ Kg8 25. Nxe5 1-0